Statistics for Municipalities of St. Croix County, Wisconsin

Click here to take the quiz!

General Stats

  • This quiz has been taken 18 times
  • The average score is 25 of 37

Answers on the Map

Answers color-coded by a green-red scale on the quiz's map according to % correct below.
 

Answer Stats

Answer% Correct
City of Hudson
100%
City of New Richmond
100%
City of River Falls
100%
Town of Hudson
100%
Town of Richmond
100%
Census Designated Place of Emerald
75%
Census Designated Place of Houlton
75%
City of Glenwood City
75%
Town of Baldwin
75%
Town of Emerald
75%
Town of Glenwood
75%
Town of Hammond
75%
Town of Somerset
75%
Town of Star Prairie
75%
Village of Baldwin
75%
Village of Deer Park
75%
Village of Hammond
75%
Village of North Hudson
75%
Village of Roberts
75%
Village of Somerset
75%
Village of Spring Valley
75%
Village of Star Prairie
75%
Village of Wilson
75%
Village of Woodville
75%
Town of Cady
50%
Town of Cylon
50%
Town of Eau Galle
50%
Town of Forest
50%
Town of Kinnickinnic
50%
Town of Pleasant Valley
50%
Town of Rush River
50%
Town of Stanton
50%
Town of St. Joseph
50%
Town of Troy
50%
Town of Warren
50%
Town of Erin Prairie
25%
Town of Springfield
25%

Score Distribution

Percentile by Number Answered

Percent of People with Each Score

Your Score History

You have not taken this quiz